<?xml version="1.0" encoding="UTF-8"?>
<record
    xmlns:xsi="http://www.w3.org/2001/XMLSchema-instance"
    xsi:schemaLocation="http://www.loc.gov/MARC21/slim http://www.loc.gov/standards/marcxml/schema/MARC21slim.xsd"
    xmlns="http://www.loc.gov/MARC21/slim">

  <leader>00440nam a2200145   4500</leader>
  <controlfield tag="001">5446</controlfield>
  <controlfield tag="005">20181127175537.0</controlfield>
  <datafield tag="090" ind1="0" ind2="0">
    <subfield code="a">243.1 K996t 1966</subfield>
  </datafield>
  <datafield tag="245" ind1="0" ind2="0">
    <subfield code="a">The teaching of Buddha /</subfield>
    <subfield code="b"></subfield>
    <subfield code="c">Bukkyo Dendo Kyokai.</subfield>
    <subfield code="h"></subfield>
  </datafield>
  <datafield tag="260" ind1="0" ind2="0">
    <subfield code="a">Tokyo, Japan :</subfield>
    <subfield code="b">Society for the Promotion of Buddhism,</subfield>
    <subfield code="c">1966.</subfield>
  </datafield>
  <datafield tag="300" ind1="0" ind2="0">
    <subfield code="a">609 p. ; 19 cm.</subfield>
  </datafield>
  <datafield tag="650" ind1="0" ind2="0">
    <subfield code="a">Buddhism --Doctrines.</subfield>
    <subfield code="x"></subfield>
  </datafield>
  <datafield tag="650" ind1="0" ind2="0">
    <subfield code="a">Buddhism --Study and teaching.</subfield>
    <subfield code="x"></subfield>
  </datafield>
  <datafield tag="999" ind1=" " ind2=" ">
    <subfield code="c">4576</subfield>
    <subfield code="d">4576</subfield>
  </datafield>
  <datafield tag="952" ind1=" " ind2=" ">
    <subfield code="0">0</subfield>
    <subfield code="1">0</subfield>
    <subfield code="2">ddc</subfield>
    <subfield code="4">0</subfield>
    <subfield code="7">0</subfield>
    <subfield code="8">MAIN</subfield>
    <subfield code="a">RTCLIB</subfield>
    <subfield code="b">RTCLIB</subfield>
    <subfield code="c">MAIN</subfield>
    <subfield code="d">2023-08-11</subfield>
    <subfield code="h"> </subfield>
    <subfield code="i">8793</subfield>
    <subfield code="l">3</subfield>
    <subfield code="o">243 KYO</subfield>
    <subfield code="p">30008817</subfield>
    <subfield code="r">2025-09-08 00:00:00</subfield>
    <subfield code="s">2025-08-12</subfield>
    <subfield code="w">2018-11-27</subfield>
    <subfield code="y">MAIN</subfield>
  </datafield>
</record>
